000 00855nma a22002177a 4500
005 20210325201738.0
006 g q ||
008 s2550 th tha d
041 _atha
090 _aCD1212
100 0 _aวศิน เพิ่มทรัพย์
245 1 0 _aคู่มือ Windows Vista ฉบับสมบูรณ์ [CD-ROM]
260 3 _aกรุงเทพฯ :
_bโปรวิชั่น,
_c2550
300 _a1 แผ่น :
_b sd., col.
650 0 4 _aระบบปฏิบัติงาน(คอมพิวเตอร์)
650 0 4 _aวินโดวส์ วิสตา (โปรแกรมคอมพิวเตอร์)
850 _aNALT
942 _cCD
997 _c000000000053555
_kVC
998 _aนางสาวชัชฎา จูฑะรักษ์
999 _c53555
_d53555